人生戒律, 100则世智慧小故事 (Record no. 48252)

000 -LEADER
fixed length control field 00463nam a22001937a 4500
003 - CONTROL NUMBER IDENTIFIER
control field MPLRDC
005 - DATE AND TIME OF LATEST TRANSACTION
control field 20220104144310.0
008 - FIXED-LENGTH DATA ELEMENTS--GENERAL INFORMATION
fixed length control field 210129b ||||| |||| 00| 0 eng d
020 ## - INTERNATIONAL STANDARD BOOK NUMBER
International Standard Book Number 957-583-962-5
082 ## - DEWEY DECIMAL CLASSIFICATION NUMBER
Classification number 856.8 RBL
100 ## - MAIN ENTRY--PERSONAL NAME
Personal name 任柏良著
245 ## - TITLE STATEMENT
Title 人生戒律, 100则世智慧小故事
Statement of responsibility, etc.
250 ## - EDITION STATEMENT
Edition statement 初版
260 ## - PUBLICATION, DISTRIBUTION, ETC.
Place of publication, distribution, etc.
Name of publisher, distributor, etc. 晨星出版社
Date of publication, distribution, etc. 2001
300 ## - PHYSICAL DESCRIPTION
Other physical details
490 ## - SERIES STATEMENT
Series statement 劲草丛书;142
650 ## - SUBJECT ADDED ENTRY--TOPICAL TERM
Topical term or geographic name entry element
942 ## - ADDED ENTRY ELEMENTS (KOHA)
Koha item type Book
-- 856.8 RBL
Holdings
Withdrawn status Lost status Source of classification or shelving scheme Damaged status Not for loan Collection code Home library Current library Shelving location Date acquired Cost, normal purchase price Total Checkouts Full call number Barcode Date last seen Date last checked out Price effective from Koha item type Public note
            Malaysian Public Library, Research and Development Centre Malaysian Public Library, Research and Development Centre   10/12/2007 200.00   856.8 RBL 00048415 18/03/2021 19/02/2008 18/03/2021 Book mplrdc

© 2022. Malaysian Public Library, Research and Development Centre. All Right ReservedE-mailmplrdc@help.edu.my 

Powered by Koha